[Event "VI Torneo Leonardo di Bona Magistrale"]
[Site "Cutro ITA"]
[Date "2000.04.29"]
[Round "1"]
[White "Dervishi, Erald"]
[Black "Genocchio, Daniele"]
[Result "1-0"]
[WhiteElo "2478"]
[BlackElo "2245"]
[PlyCount "143"]
[EventDate "2000.04.29"]

1. e4 c5 2. Nf3 g6 3. d4 Bg7 4. Nc3 cxd4 5. Nxd4 Nc6 6. Be3 d6 7. Bc4 Nf6 8. f3
Bd7 9. Qd2 O-O 10. O-O-O Qb8 11. h4 b5 12. Bd5 Rc8 13. Nxc6 Bxc6 14. Bxc6 Rxc6
15. Bd4 e6 16. h5 b4 17. Ne2 Qb5 18. hxg6 Rac8 19. gxh7+ Kh8 20. Kb1 Rxc2 21.
Rc1 Rxd2 22. Rxc8+ Qe8 23. Rxe8+ Nxe8 24. Bxg7+ Nxg7 25. Re1 d5 26. Kc1 Rd3 27.
Kc2 dxe4 28. Nf4 b3+ 29. axb3 Rd4 30. Kc3 e5 31. fxe4 Kxh7 32. Nd3 f6 33. Nc5
Kg6 34. Ra1 Ne8 35. Rxa7 Nd6 36. Ra4 Nb5+ 37. Kc2 Rd8 38. Ra6 Rc8 39. b4 Kg5
40. Kd3 f5 41. Kc4 Nd4 42. Kd5 Re8 43. Ne6+ Nxe6 44. Rxe6 Rxe6 45. Kxe6 fxe4
46. b5 e3 47. b6 e2 48. b7 e1=Q 49. b8=Q e4 50. Qe5+ Kg4 51. Kd5 e3 52. Ke4 e2
53. Qf4+ Kh5 54. Qf3+ Kg5 55. Qf4+ Kh5 56. Qf5+ Kh4 57. Qf6+ Kh5 58. Qh8+ Kg6
59. Qe8+ Kf6 60. Qc6+ Ke7 61. Qb7+ Kf8 62. Ke3 Qf1 63. Qb4+ Kf7 64. Qc4+ Kg7
65. Qxe2 Qc1+ 66. Kd3 Qh1 67. Kd4 Qa1 68. g4 Qa7+ 69. Kc3 Qc5+ 70. Qc4 Qa5+ 71.
Kd3 Qe1 72. Qc3+ 1-0

[Event "VI Torneo Leonardo di Bona Magistrale"]
[Site "Cutro ITA"]
[Date "2000.04.29"]
[Round "1"]
[White "Djingarova, Emilia"]
[Black "Lazic, Miroljub"]
[Result "1-0"]
[WhiteElo "2168"]
[BlackElo "2478"]
[PlyCount "83"]
[EventDate "2000.04.29"]

1. e4 d6 2. d4 Nf6 3. Nc3 c6 4. a4 Qa5 5. Bd2 e5 6. Bd3 exd4 7. Nb5 Qd8 8. Nxd4
Nbd7 9. Ngf3 Nc5 10. O-O Be7 11. Re1 a5 12. Bg5 O-O 13. Nf5 Bxf5 14. exf5 Re8
15. c3 Nd5 16. Bxe7 Rxe7 17. Bc2 Rxe1+ 18. Qxe1 Qb6 19. Rb1 Nf6 20. Qe7 Qd8 21.
Qe3 Nd5 22. Qd2 Qf6 23. Re1 Nb6 24. Qf4 h6 25. g4 g5 26. Qg3 Nd5 27. Nd4 Nf4
28. Qe3 Kf8 29. Nf3 Kg7 30. Nd4 Nd7 31. Qe7 Ne5 32. Qxb7 Re8 33. Re3 Re7 34.
Qc8 d5 35. h3 h5 36. gxh5 Nxh5 37. Kf1 Nf4 38. Rg3 Nc4 39. Nf3 Qh6 40. b3 Nd6
41. Qd8 Ne4 42. Bxe4 1-0

[Event "VI Torneo Leonardo di Bona Magistrale"]
[Site "Cutro ITA"]
[Date "2000.04.29"]
[Round "1"]
[White "Laketic, Gojko"]
[Black "Blasco, Domenico"]
[Result "1-0"]
[WhiteElo "2456"]
[BlackElo "2092"]
[PlyCount "61"]
[EventDate "2000.04.29"]

1. d4 Nf6 2. Nf3 c5 3. c3 b6 4. dxc5 bxc5 5. e4 Bb7 6. e5 Nd5 7. Bd3 e6 8. O-O
Be7 9. Qe2 Nc6 10. c4 Ndb4 11. Be4 d5 12. exd6 Bxd6 13. Rd1 Qe7 14. Nc3 Rd8 15.
a3 Nd4 16. Nxd4 cxd4 17. axb4 dxc3 18. Bxb7 Qxb7 19. bxc3 O-O 20. Be3 Bb8 21.
Bg5 Rxd1+ 22. Rxd1 Qc7 23. g3 h6 24. Bf4 e5 25. Be3 f5 26. Rd5 f4 27. Bc5 Rf6
28. Qd3 Rf8 29. Bxf8 Kxf8 30. Rd7 e4 31. Qd5 1-0

[Event "VI Torneo Leonardo di Bona Magistrale"]
[Site "Cutro ITA"]
[Date "2000.04.29"]
[Round "1"]
[White "Pavlovic, Goran"]
[Black "Gleizerov, Evgeny"]
[Result "0-1"]
[WhiteElo "2371"]
[BlackElo "2508"]
[PlyCount "116"]
[EventDate "2000.04.29"]

1. d4 e6 2. c4 f5 3. g3 Nf6 4. Bg2 c6 5. Nh3 d5 6. O-O Bd6 7. Bf4 O-O 8. Nd2
Be7 9. Rc1 Na6 10. a3 h6 11. b4 g5 12. Be5 Ng4 13. Qb3 Nb8 14. e3 Nd7 15. f4
Ndxe5 16. fxe5 Bd7 17. Nf2 Nxf2 18. Rxf2 g4 19. Nb1 Bg5 20. Re1 Kg7 21. Nc3 h5
22. Rc2 h4 23. Ne2 h3 24. Bf1 a5 25. c5 axb4 26. axb4 Ra7 27. Nc3 Qa8 28. Ree2
Ra3 29. Qb1 Ra1 30. Qb3 Ra3 31. Qb1 Ra1 32. Qb3 Qa6 33. Nb1 Ra8 34. Kf2 b5 35.
Rb2 Be8 36. Red2 Bg6 37. Bd3 Qb7 38. Ke2 Qa7 39. Rd1 Bh6 40. Qc3 Ra2 41. Rdd2
Ra1 42. Rd1 Qe7 43. Qe1 Qg5 44. Qf2 R8a2 45. Rxa2 Rxa2+ 46. Rd2 Ra1 47. Qf4 Qh5
48. Qf1 f4 49. exf4 Bxd3+ 50. Rxd3 Qf5 51. Kd2 Ra2+ 52. Kc3 Rxh2 53. Nd2 Rg2
54. Re3 Qh5 55. Qh1 h2 56. Nf1 Qh3 57. Rd3 Rg1 58. Qxh2 Qxf1 0-1

[Event "VI Torneo Leonardo di Bona Magistrale"]
[Site "Cutro ITA"]
[Date "2000.04.29"]
[Round "1"]
[White "Plachkinova Georgieva, Tatjana"]
[Black "Dragojlovic, Andjelko"]
[Result "0-1"]
[WhiteElo "2071"]
[BlackElo "2437"]
[PlyCount "76"]
[EventDate "2000.04.29"]

1. d4 Nf6 2. c4 g6 3. Nc3 d5 4. cxd5 Nxd5 5. e4 Nxc3 6. bxc3 Bg7 7. Nf3 c5 8.
Rb1 O-O 9. Be2 Nd7 10. O-O Nf6 11. Qd3 b6 12. Rd1 cxd4 13. cxd4 Nxe4 14. Qe3
Bb7 15. Ne5 Rc8 16. Bb2 Nf6 17. Rbc1 Rxc1 18. Rxc1 Qa8 19. Bf1 Nd5 20. Qh3 e6
21. a4 Rc8 22. Ra1 a6 23. Bc1 Rc3 24. Qh4 Bf6 25. Qh6 Qd8 26. Nf3 Bg7 27. Qd2
Qc8 28. Ba3 Rc2 29. Qg5 h6 30. Qg3 Nf6 31. Bd3 Rc3 32. Ne5 Be4 33. Bb4 Rb3 34.
Be7 Bxd3 35. Nxd3 Nd5 36. Bd6 Qc2 37. Ne1 Qb2 38. Qh4 Qxa1 0-1

[Event "VI Torneo Leonardo di Bona Magistrale"]
[Site "Cutro ITA"]
[Date "2000.04.29"]
[Round "1"]
[White "Velcheva, Maria"]
[Black "Kogan, Artur"]
[Result "0-1"]
[WhiteElo "2364"]
[BlackElo "2483"]
[PlyCount "46"]
[EventDate "2000.04.29"]

1. e4 c5 2. Nf3 Nc6 3. d4 cxd4 4. Nxd4 Qc7 5. Nc3 e6 6. Be3 a6 7. Be2 b5 8.
Nxc6 Qxc6 9. Bf3 Bb7 10. O-O Qc7 11. Qd3 Bd6 12. h3 Ne7 13. Rad1 Be5 14. Bc5
Ng6 15. g3 Bxg3 16. fxg3 Qxc5+ 17. Kh2 Ne5 18. Qd4 Rc8 19. Ne2 Qxd4 20. Nxd4
Nxf3+ 21. Rxf3 Bxe4 22. Re3 d5 23. Ra3 e5 0-1

[Event "VI Torneo Leonardo di Bona Magistrale"]
[Site "Cutro ITA"]
[Date "2000.04.29"]
[Round "1"]
[White "Zelcic, Robert"]
[Black "Gorbatov, Alexej"]
[Result "1-0"]
[WhiteElo "2529"]
[BlackElo "2423"]
[PlyCount "121"]
[EventDate "2000.04.29"]

1. e4 e5 2. Nf3 Nc6 3. d4 exd4 4. Nxd4 Bb4+ 5. c3 Be7 6. Bc4 Nf6 7. Nxc6 bxc6
8. e5 Nd5 9. Qg4 Kf8 10. Qf3 d6 11. exd6 Bxd6 12. Be3 Be6 13. Nd2 Qh4 14. h3
Re8 15. O-O-O Nxe3 16. Bxe6 Rxe6 17. fxe3 Qa4 18. Kb1 Ke7 19. Rhf1 f6 20. Nb3
c5 21. Rd5 Qc4 22. Nd2 Qa4 23. Qe2 Qh4 24. Rd1 Qg3 25. Nc4 Re8 26. b3 g6 27.
Kb2 f5 28. a4 Kf8 29. Qf3 Qxf3 30. gxf3 Ke7 31. a5 Rb8 32. Kc2 Rb7 33. Kb2 a6
34. R1d2 Rb5 35. Kc2 Kd7 36. e4 fxe4 37. fxe4 Kc6 38. e5 Be7 39. R5d3 Rb8 40.
Rf2 Rf8 41. Rdf3 Rxf3 42. Rxf3 h5 43. Rf7 Bh4 44. Kd3 Re7 45. Rf4 Bg5 46. Rf8
Re6 47. Ke4 Bh4 48. Nb2 Be1 49. Rf3 Bd2 50. Nc4 Bg5 51. Rf8 Bh4 52. Ra8 Kd7 53.
Kd5 Be1 54. Nb6+ Ke7 55. Ra7 Kf7 56. Rxc7+ Re7 57. Rxc5 Bg3 58. Ke4 h4 59. Nc8
Rd7 60. Nd6+ Ke6 61. Rc6 1-0

[Event "VI Torneo Leonardo di Bona Magistrale"]
[Site "Cutro ITA"]
[Date "2000.04.30"]
[Round "2"]
[White "Dervishi, Erald"]
[Black "Zelcic, Robert"]
[Result "1-0"]
[WhiteElo "2478"]
[BlackElo "2529"]
[PlyCount "125"]
[EventDate "2000.04.29"]

1. e4 c6 2. d4 d5 3. Nc3 dxe4 4. Nxe4 Bf5 5. Ng3 Bg6 6. h4 h6 7. Nf3 e6 8. h5
Bh7 9. Bd3 Bxd3 10. Qxd3 Nf6 11. Bf4 Qa5+ 12. Bd2 Bb4 13. c3 Be7 14. c4 Bb4 15.
O-O Bxd2 16. Qxd2 Qc7 17. Qb4 Nbd7 18. Qa3 c5 19. dxc5 O-O 20. Rac1 a5 21. Rfd1
Rfc8 22. Nd4 Qf4 23. c6 bxc6 24. Nde2 Qe5 25. Rd2 a4 26. c5 Nd5 27. Rc4 Qc7 28.
Ne4 Ne5 29. Rcd4 Qa5 30. N2c3 Qd8 31. Nxa4 f5 32. Nd6 Rcb8 33. Qg3 Qf6 34. b3
Nd7 35. Qh4 Qe5 36. f4 Qe3+ 37. Qf2 Qxf2+ 38. Kxf2 Ra5 39. Nc4 Rab5 40. Re2
Nxc5 41. Nxc5 Rxc5 42. Rxe6 Ra8 43. a3 Nf6 44. Ke3 Rb5 45. Rd3 c5 46. a4 Rb4
47. Rb6 Rxc4 48. bxc4 Rxa4 49. Rb8+ Kh7 50. Rdd8 Nxh5 51. g4 Kg6 52. gxh5+ Kxh5
53. Rd3 Rxc4 54. Kf3 Rc1 55. Rb2 c4 56. Rh2+ Kg6 57. Rd6+ Kf7 58. Ra2 Kg8 59.
Ra7 c3 60. Rc7 Kh7 61. Rdc6 Rf1+ 62. Kg3 h5 63. Rxc3 1-0

[Event "VI Torneo Leonardo di Bona Magistrale"]
[Site "Cutro ITA"]
[Date "2000.04.30"]
[Round "2"]
[White "Dragojlovic, Andjelko"]
[Black "Lazarev, Vladimir"]
[Result "1/2-1/2"]
[WhiteElo "2437"]
[BlackElo "2493"]
[PlyCount "87"]
[EventDate "2000.04.29"]

1. e4 c5 2. Nf3 Nc6 3. Nc3 e6 4. Bb5 Nge7 5. O-O a6 6. Bxc6 Nxc6 7. d4 cxd4 8.
Nxd4 Qc7 9. Re1 Bd6 10. g3 Be5 11. Nf3 Bd6 12. Nd4 Nxd4 13. Qxd4 Be5 14. Bf4
Bxf4 15. gxf4 f6 16. Nd5 exd5 17. exd5+ Kf7 18. d6 Qa5 19. Re7+ Kg6 20. Qe4+
Kh6 21. f5 g5 22. Qf3 Qb4 23. c4 Qxc4 24. Re4 Qf7 25. Rae1 Qh5 26. Qc3 Rf8 27.
R1e3 Qd1+ 28. Kg2 Qxd6 29. h4 Rg8 30. Re6 gxh4+ 31. Kh1 dxe6 32. Qxf6+ Kh5 33.
Qf7+ Kh6 34. Qf6+ Rg6 35. fxg6 Qd1+ 36. Kg2 Qg4+ 37. Rg3 Qe4+ 38. Kg1 Qb1+ 39.
Kg2 Qe4+ 40. Kg1 Qb1+ 41. Kg2 Qe4+ 42. Kg1 Qe1+ 43. Kg2 Qe4+ 44. Kg1 1/2-1/2

[Event "VI Torneo Leonardo di Bona Magistrale"]
[Site "Cutro ITA"]
[Date "2000.04.30"]
[Round "2"]
[White "Genocchio, Daniele"]
[Black "Pavlovic, Goran"]
[Result "0-1"]
[WhiteElo "2245"]
[BlackElo "2371"]
[PlyCount "78"]
[EventDate "2000.04.29"]

1. e4 c5 2. Nf3 e6 3. d3 Nc6 4. g3 d5 5. Qe2 Nf6 6. Bg2 Be7 7. O-O b6 8. e5 Nd7
9. c4 d4 10. h4 Bb7 11. Re1 h6 12. h5 Qc7 13. Nbd2 O-O-O 14. a3 Kb8 15. b4 cxb4
16. Nb3 Nc5 17. Nxc5 Bxc5 18. axb4 Nxb4 19. Ba3 a5 20. Reb1 Rd7 21. Nd2 Bxg2
22. Kxg2 Qc6+ 23. Kh2 Rc8 24. Nb3 Kc7 25. Bb2 Ra8 26. Kg1 f5 27. exf6 gxf6 28.
Bc1 e5 29. Nd2 Re7 30. Nf3 e4 31. Bf4+ Kb7 32. dxe4 Rxe4 33. Qd2 d3 34. Re1 Nc2
35. Rxe4 Qxe4 36. Rc1 Qxf3 37. Rxc2 dxc2 38. Qd7+ Ka6 39. Qb5+ Ka7 0-1

[Event "VI Torneo Leonardo di Bona Magistrale"]
[Site "Cutro ITA"]
[Date "2000.04.30"]
[Round "2"]
[White "Gleizerov, Evgeny"]
[Black "Laketic, Gojko"]
[Result "1/2-1/2"]
[WhiteElo "2508"]
[BlackElo "2456"]
[PlyCount "71"]
[EventDate "2000.04.29"]

1. d4 d5 2. c4 c6 3. Nf3 Nf6 4. Nc3 e6 5. g3 Nbd7 6. Bg2 dxc4 7. a4 a5 8. O-O
Bb4 9. Qc2 Qe7 10. Na2 Bd6 11. Qxc4 O-O 12. Qc2 e5 13. Nc3 Re8 14. e4 exd4 15.
Nxd4 Nc5 16. f3 Na6 17. Na2 Bc5 18. Be3 Nd5 19. Bf2 Ndb4 20. Nxb4 Nxb4 21. Qc3
b6 22. f4 Ra7 23. Rad1 Rd7 24. Nf5 Bxf2+ 25. Kxf2 Qf8 26. Rxd7 Bxd7 27. Ne3 f6
28. Qd4 Be6 29. Qxb6 Qc5 30. Qxc5 Nd3+ 31. Ke2 Nxc5 32. Rc1 Nxa4 33. Rxc6 Nxb2
34. e5 Bf7 35. Rc2 Rb8 36. exf6 1/2-1/2

[Event "VI Torneo Leonardo di Bona Magistrale"]
[Site "Cutro ITA"]
[Date "2000.04.30"]
[Round "2"]
[White "Gorbatov, Alexej"]
[Black "Velcheva, Maria"]
[Result "1-0"]
[WhiteElo "2423"]
[BlackElo "2364"]
[PlyCount "90"]
[EventDate "2000.04.29"]

1. c4 e6 2. Nf3 d5 3. b3 Nf6 4. Bb2 b6 5. g3 Bb7 6. Bg2 c5 7. O-O Be7 8. e3 O-O
9. Qe2 Nc6 10. Rd1 Qc7 11. Nc3 a6 12. cxd5 exd5 13. d4 Rfd8 14. Rac1 Rac8 15.
Bh3 Ra8 16. dxc5 bxc5 17. Na4 Ne4 18. Bf5 g6 19. Bxe4 dxe4 20. Nd2 Ne5 21. Bxe5
Qxe5 22. Nc4 Qc7 23. Qe1 Rxd1 24. Qxd1 Rd8 25. Qe1 Bc8 26. Rd1 Bg4 27. Rxd8+
Qxd8 28. Qd2 Qc8 29. Qd5 Bf3 30. Nd2 Qg4 31. Nc3 Kf8 32. Ncxe4 Bxe4 33. Nxe4
Qf3 34. Qe5 f6 35. Qe6 Qd1+ 36. Kg2 Qa1 37. Nd6 Bxd6 38. Qxd6+ Kg7 39. Qxa6 Qb1
40. Qa7+ Kh6 41. Qxc5 Qxa2 42. Qf8+ Kg5 43. h4+ Kf5 44. Qc5+ Ke6 45. Qc6+ Kf7
1-0

[Event "VI Torneo Leonardo di Bona Magistrale"]
[Site "Cutro ITA"]
[Date "2000.04.30"]
[Round "2"]
[White "Kogan, Artur"]
[Black "Djingarova, Emilia"]
[Result "1/2-1/2"]
[WhiteElo "2483"]
[BlackElo "2168"]
[PlyCount "75"]
[EventDate "2000.04.29"]

1. e4 c5 2. Nc3 Nc6 3. Nf3 e6 4. Bb5 Nd4 5. O-O a6 6. Bd3 Qc7 7. Nxd4 cxd4 8.
Ne2 Bc5 9. c3 dxc3 10. bxc3 Nf6 11. Bc2 b5 12. d4 Be7 13. Bg5 Bb7 14. Bxf6 Bxf6
15. f4 g6 16. Rc1 Bg7 17. Qd2 O-O 18. Bd3 f5 19. e5 Qc6 20. Rf3 Rac8 21. h4 Kh8
22. Kh2 Rg8 23. Rg3 Bf8 24. c4 bxc4 25. Rxc4 Qd5 26. Nc3 Qa5 27. Qb2 Rxc4 28.
Bxc4 Qc7 29. Qb3 Be7 30. d5 Bxh4 31. Rh3 g5 32. Bf1 Be1 33. Qb4 g4 34. Qe7 gxh3
35. Qf6+ Rg7 36. Qf8+ Rg8 37. Qf6+ Rg7 38. Qf8+ 1/2-1/2

[Event "VI Torneo Leonardo di Bona Magistrale"]
[Site "Cutro ITA"]
[Date "2000.04.30"]
[Round "2"]
[White "Lazic, Miroljub"]
[Black "Martorelli, Antonio"]
[Result "1-0"]
[WhiteElo "2478"]
[BlackElo "2271"]
[PlyCount "75"]
[EventDate "2000.04.29"]

1. Nf3 c5 2. b3 d5 3. e3 Nc6 4. Bb5 Qb6 5. c4 a6 6. Ba4 e6 7. O-O Bd7 8. d4 Nf6
9. cxd5 exd5 10. Ne5 Nxe5 11. dxe5 Bxa4 12. bxa4 O-O-O 13. exf6 Qxf6 14. Qb3
Qxa1 15. Bb2 c4 16. Qb6 Qxa2 17. Be5 Rd7 18. Qa7 Kd8 19. Qb8+ Ke7 20. Bd4 f6
21. Nc3 Qc2 22. Qc8 g5 23. Rb1 b6 24. Bxf6+ Kxf6 25. Qxd7 Bc5 26. Nxd5+ Ke5 27.
Rf1 Rf8 28. Nxb6 Qd3 29. Qc7+ Bd6 30. Nxc4+ Ke6 31. Nxd6 Qxd6 32. Qxh7 Qe5 33.
h3 g4 34. Qg6+ Ke7 35. Rb1 Qd5 36. e4 Qd3 37. Rb7+ Kd8 38. Qb6+ 1-0

[Event "VI Torneo Leonardo di Bona Magistrale"]
[Site "Cutro ITA"]
[Date "2000.04.30"]
[Round "2"]
[White "Safranska, Anda"]
[Black "Plachkinova Georgieva, Tatjana"]
[Result "1-0"]
[WhiteElo "2367"]
[BlackElo "2071"]
[PlyCount "85"]
[EventDate "2000.04.29"]

1. Nf3 Nf6 2. g3 g6 3. Bg2 Bg7 4. d3 O-O 5. e4 d6 6. O-O c5 7. Re1 Nc6 8. c3
Rb8 9. a4 a6 10. h3 b5 11. axb5 axb5 12. d4 Nd7 13. d5 Na5 14. Ra2 Qc7 15. b3
c4 16. b4 Nb3 17. Be3 Nb6 18. Nd4 Nxd4 19. Bxd4 Bd7 20. Bxg7 Kxg7 21. Qd4+ Kg8
22. Nd2 Ra8 23. Rc2 Ra3 24. Nf3 f6 25. Qd2 Rfa8 26. h4 Kg7 27. Kh2 Qc8 28. Qe3
R8a6 29. Nd4 Na8 30. Ree2 Nc7 31. f4 Bg4 32. Rf2 Qd7 33. Rcd2 R6a4 34. f5 Qe8
35. Qf4 gxf5 36. exf5 Qh5 37. Qe3 Qf7 38. Qe4 h5 39. Rc2 Bd1 40. Rc1 Bg4 41.
Re1 Rxc3 42. Qxe7 Rxb4 43. Qxd6 1-0

[Event "VI Torneo Leonardo di Bona Magistrale"]
[Site "Cutro ITA"]
[Date "2000.05.01"]
[Round "3"]
[White "Blasco, Domenico"]
[Black "Gorbatov, Alexej"]
[Result "0-1"]
[WhiteElo "2092"]
[BlackElo "2423"]
[PlyCount "68"]
[EventDate "2000.04.29"]

1. d4 Nf6 2. e3 g6 3. Nf3 Bg7 4. c4 c5 5. Nc3 O-O 6. Be2 cxd4 7. Qxd4 Nc6 8.
Qh4 d6 9. e4 Bg4 10. Bh6 Bxf3 11. Bxf3 Ne5 12. Bxg7 Kxg7 13. Be2 Rc8 14. b3 Qa5
15. Rc1 b5 16. f4 Nxe4 17. Qh3 Nxc3 18. Rxc3 Nd7 19. O-O Nf6 20. Re3 bxc4 21.
bxc4 e6 22. g4 h6 23. Kh1 Rh8 24. Qg3 Rc5 25. f5 exf5 26. gxf5 g5 27. Qxd6 Rd8
28. Qg3 Rd4 29. Ref3 Qxa2 30. R3f2 Qa5 31. Rg1 Kh7 32. Bd3 Qd8 33. Ra2 Rxd3 34.
Qf2 Qa8+ 0-1

[Event "VI Torneo Leonardo di Bona Magistrale"]
[Site "Cutro ITA"]
[Date "2000.05.01"]
[Round "3"]
[White "Djingarova, Emilia"]
[Black "Gleizerov, Evgeny"]
[Result "0-1"]
[WhiteElo "2168"]
[BlackElo "2508"]
[PlyCount "102"]
[EventDate "2000.04.29"]

1. e4 e6 2. d3 d5 3. Qe2 Ne7 4. g3 g6 5. Bg2 Bg7 6. Nf3 c5 7. O-O Nbc6 8. c3 b6
9. Re1 O-O 10. e5 f6 11. exf6 Bxf6 12. Bf4 Nf5 13. h4 Re8 14. Ne5 Nxe5 15. Bxe5
Ba6 16. Nd2 Bxe5 17. Qxe5 Bxd3 18. c4 dxc4 19. Bxa8 Qxa8 20. Ne4 Bxe4 21. Qxe4
Nd4 22. Qxa8 Rxa8 23. Re4 Kf7 24. Kg2 Ke7 25. h5 Rf8 26. hxg6 hxg6 27. Rh1 Rf7
28. Reh4 Kd6 29. Rg4 Rf5 30. f4 Kd5 31. Re1 Rf6 32. Re5+ Kd6 33. Reg5 Nf5 34.
Kf3 Nh6 35. Rh4 Nf7 36. Kg4 e5 37. Rh7 exf4 38. gxf4 Nxg5 39. Kxg5 Rf5+ 40. Kg4
Rd5 41. Rg7 Rd2 42. Rxg6+ Kd5 43. Rg5+ Ke4 44. Re5+ Kd4 45. Re1 Rxb2 46. Rf1 c3
47. f5 c2 48. f6 Rb1 49. Rf4+ Ke5 50. f7 Rg1+ 51. Kh5 c1=Q 0-1

[Event "VI Torneo Leonardo di Bona Magistrale"]
[Site "Cutro ITA"]
[Date "2000.05.01"]
[Round "3"]
[White "Laketic, Gojko"]
[Black "Kogan, Artur"]
[Result "1/2-1/2"]
[WhiteElo "2456"]
[BlackElo "2483"]
[PlyCount "20"]
[EventDate "2000.04.29"]

1. d4 d5 2. c4 c6 3. cxd5 cxd5 4. Nc3 Nf6 5. Nf3 Nc6 6. Bf4 a6 7. e3 Bg4 8. h3
Bxf3 9. Qxf3 e6 10. Bd3 Bd6 1/2-1/2

[Event "VI Torneo Leonardo di Bona Magistrale"]
[Site "Cutro ITA"]
[Date "2000.05.01"]
[Round "3"]
[White "Lazarev, Vladimir"]
[Black "Dervishi, Erald"]
[Result "1-0"]
[WhiteElo "2493"]
[BlackElo "2478"]
[PlyCount "109"]
[EventDate "2000.04.29"]

1. d4 Nf6 2. c4 e6 3. Nc3 d5 4. cxd5 exd5 5. Bg5 Be7 6. e3 O-O 7. Bd3 Nbd7 8.
Qc2 Re8 9. Nf3 Nf8 10. h3 c6 11. Bf4 Ng6 12. Bh2 Bd6 13. Bxd6 Qxd6 14. O-O-O b5
15. Kb1 a5 16. Rc1 Be6 17. g4 a4 18. Ng5 Bd7 19. Nf3 Be6 20. g5 Nd7 21. Ne2
Rec8 22. Qd2 Nb6 23. h4 Nc4 24. Qe1 Ne7 25. Ng3 b4 26. Ne5 Nxe5 27. dxe5 Qxe5
28. f4 Qd6 29. f5 Bd7 30. f6 a3 31. fxe7 b3 32. axb3 axb2 33. Kxb2 Qa3+ 34. Kc3
Rab8 35. Kd2 Rxb3 36. Bc2 Rb2 37. Ke2 Re8 38. Qd2 Rxe7 39. Kf2 f5 40. Ne2 Qd6
41. Rb1 Ra2 42. Nf4 Qe5 43. Rhc1 Kf8 44. Rb3 Ra8 45. Qb4 Kf7 46. Qc5 Ra1 47.
Rxa1 Qxa1 48. Qd4 Qh1 49. Ng2 Qc1 50. Bd1 Re4 51. Bh5+ g6 52. Qf6+ Kg8 53. Rb8+
Re8 54. Bxg6 Qc2+ 55. Kg1 1-0

[Event "VI Torneo Leonardo di Bona Magistrale"]
[Site "Cutro ITA"]
[Date "2000.05.01"]
[Round "3"]
[White "Martorelli, Antonio"]
[Black "Safranska, Anda"]
[Result "1-0"]
[WhiteElo "2271"]
[BlackElo "2367"]
[PlyCount "53"]
[EventDate "2000.04.29"]

1. e4 Nc6 2. d4 d6 3. Nf3 Nf6 4. Nc3 Bg4 5. d5 Nb8 6. h3 Bh5 7. Qe2 Bxf3 8.
gxf3 a6 9. f4 g6 10. Bg2 Bg7 11. e5 Ng8 12. Bd2 Nh6 13. O-O-O Nf5 14. h4 Nd7
15. Bh3 dxe5 16. Bxf5 gxf5 17. Rhg1 Bf6 18. fxe5 Nxe5 19. d6 cxd6 20. Nd5 Bxh4
21. Bc3 Rf8 22. Bxe5 dxe5 23. Qc4 Rc8 24. Qxh4 Qd6 25. Qxh7 Qe6 26. Rg8 f6 27.
Nc7+ 1-0

[Event "VI Torneo Leonardo di Bona Magistrale"]
[Site "Cutro ITA"]
[Date "2000.05.01"]
[Round "3"]
[White "Pavlovic, Goran"]
[Black "Lazic, Miroljub"]
[Result "1/2-1/2"]
[WhiteElo "2371"]
[BlackElo "2478"]
[PlyCount "62"]
[EventDate "2000.04.29"]

1. d4 d5 2. c4 e6 3. Nc3 c6 4. e3 Nf6 5. Nf3 Nbd7 6. Qc2 Bd6 7. Bd3 O-O 8. O-O
dxc4 9. Bxc4 e5 10. h3 Qe7 11. a3 Bc7 12. Rd1 h6 13. Ba2 Re8 14. Bd2 e4 15. Nh2
Nb6 16. Rac1 Be6 17. Bxe6 Qxe6 18. Nf1 Nfd5 19. Nxd5 Nxd5 20. b4 a5 21. bxa5
Bxa5 22. Rb1 b5 23. Rdc1 Rec8 24. Bxa5 Rxa5 25. Nd2 f5 26. Qc5 Ne7 27. Nc4 Ra6
28. Ne5 Rd8 29. Rc2 Kh7 30. Rbc1 Rd5 31. Qb4 Rd6 1/2-1/2

[Event "VI Torneo Leonardo di Bona Magistrale"]
[Site "Cutro ITA"]
[Date "2000.05.01"]
[Round "3"]
[White "Velcheva, Maria"]
[Black "Genocchio, Daniele"]
[Result "1/2-1/2"]
[WhiteElo "2364"]
[BlackElo "2245"]
[PlyCount "53"]
[EventDate "2000.04.29"]

1. e4 c5 2. Nc3 Nc6 3. Bb5 g6 4. Bxc6 dxc6 5. d3 Bg7 6. Be3 b6 7. Qd2 e5 8.
Nge2 Be6 9. b3 Nf6 10. h3 h6 11. g4 Qe7 12. Ng3 Nd5 13. exd5 cxd5 14. Qe2 d4
15. Bd2 dxc3 16. Bxc3 Bd5 17. f3 Qh4 18. Qf2 O-O 19. O-O-O a5 20. Rhe1 Rfe8 21.
Re2 Qg5+ 22. Kb1 a4 23. Rde1 axb3 24. cxb3 Re6 25. h4 Qd8 26. h5 Qd7 27. Qe3
1/2-1/2

[Event "VI Torneo Leonardo di Bona Magistrale"]
[Site "Cutro ITA"]
[Date "2000.05.02"]
[Round "4"]
[White "Dragojlovic, Andjelko"]
[Black "Laketic, Gojko"]
[Result "1/2-1/2"]
[WhiteElo "2437"]
[BlackElo "2456"]
[PlyCount "51"]
[EventDate "2000.04.29"]

1. e4 Nf6 2. Nc3 d5 3. exd5 Nxd5 4. Bc4 c6 5. Qf3 e6 6. Nge2 Nd7 7. d4 Qf6 8.
Qg3 Nxc3 9. bxc3 Qg6 10. Bd3 Qxg3 11. hxg3 Nf6 12. Rb1 Bd6 13. c4 e5 14. c3 b6
15. f3 Be6 16. g4 Rd8 17. g5 Nd7 18. g6 fxg6 19. Bxg6+ Bf7 20. Bd3 g6 21. Bh6
Rb8 22. Bg5 Be7 23. Bh6 Bf8 24. Bg5 Be7 25. Bh6 Bf8 26. Bg5 1/2-1/2

[Event "VI Torneo Leonardo di Bona Magistrale"]
[Site "Cutro ITA"]
[Date "2000.05.02"]
[Round "4"]
[White "Gleizerov, Evgeny"]
[Black "Lazarev, Vladimir"]
[Result "1/2-1/2"]
[WhiteElo "2508"]
[BlackElo "2493"]
[PlyCount "28"]
[EventDate "2000.04.29"]

1. d4 d5 2. c4 dxc4 3. e3 Nf6 4. Bxc4 e6 5. Nf3 c5 6. Qe2 a6 7. dxc5 Bxc5 8.
O-O b5 9. Bd3 Nc6 10. Nc3 Bb7 11. Ne4 Be7 12. Bd2 O-O 13. a4 bxa4 14. Rxa4 Nd5
1/2-1/2

[Event "VI Torneo Leonardo di Bona Magistrale"]
[Site "Cutro ITA"]
[Date "2000.05.02"]
[Round "4"]
[White "Gorbatov, Alexej"]
[Black "Pavlovic, Goran"]
[Result "0-1"]
[WhiteElo "2423"]
[BlackElo "2371"]
[PlyCount "86"]
[EventDate "2000.04.29"]

1. c4 Nf6 2. Nc3 g6 3. e4 d6 4. g3 Bg7 5. Bg2 O-O 6. Nge2 c5 7. O-O Nc6 8. d3
a6 9. a3 Rb8 10. Rb1 b5 11. cxb5 axb5 12. b4 cxb4 13. axb4 Bd7 14. h3 Ne8 15.
Be3 Nc7 16. d4 Na8 17. f4 Qc8 18. g4 Nb6 19. f5 Nc4 20. Bf2 Bh6 21. Nd5 e6 22.
Ndf4 exf5 23. gxf5 Kh8 24. Rb3 gxf5 25. Bh4 f6 26. Rg3 Ne7 27. Nh5 Ng8 28. Nef4
Qd8 29. exf5 Bxf5 30. Nd5 Bg6 31. Nhf4 Qe8 32. Nxg6+ hxg6 33. Nxf6 Nxf6 34.
Bxf6+ Kh7 35. Qd3 d5 36. Bxd5 Rb6 37. Bh4 Rxf1+ 38. Qxf1 Ne3 39. Qe2 Rd6 40.
Ba2 Rxd4 41. Rg4 Rd1+ 42. Be1 Qe5 43. Bf7 Nxg4 0-1

[Event "VI Torneo Leonardo di Bona Magistrale"]
[Site "Cutro ITA"]
[Date "2000.05.02"]
[Round "4"]
[White "Lazic, Miroljub"]
[Black "Zelcic, Robert"]
[Result "0-1"]
[WhiteElo "2478"]
[BlackElo "2529"]
[PlyCount "72"]
[EventDate "2000.04.29"]

1. e4 c6 2. d3 d5 3. Nd2 g6 4. Ngf3 Bg7 5. g3 e5 6. Bg2 Ne7 7. O-O O-O 8. Re1
d4 9. a4 a5 10. Nc4 b5 11. Na3 Ba6 12. Nd2 Nd7 13. Nb3 bxa4 14. Nd2 Nc8 15.
Ndc4 Bxc4 16. Nxc4 Ndb6 17. Nxb6 Nxb6 18. Bd2 c5 19. c4 dxc3 20. Bxc3 Qd7 21.
Qd2 Rfd8 22. Red1 Qa7 23. Qe3 Rac8 24. Rdb1 c4 25. dxc4 Rxc4 26. b3 Rc6 27.
bxa4 Rdc8 28. Be1 Bf8 29. Rb5 Bc5 30. Qb3 Bd4 31. Rxa5 Qe7 32. Rd1 Rc1 33. Bd2
Qe6 34. Qf3 Rxd1+ 35. Qxd1 Qa2 36. Kh1 Nc4 0-1

[Event "VI Torneo Leonardo di Bona Magistrale"]
[Site "Cutro ITA"]
[Date "2000.05.02"]
[Round "4"]
[White "Martorelli, Antonio"]
[Black "Djingarova, Emilia"]
[Result "1-0"]
[WhiteElo "2271"]
[BlackElo "2168"]
[PlyCount "71"]
[EventDate "2000.04.29"]

1. e4 c5 2. Nf3 a6 3. Nc3 b5 4. d4 cxd4 5. Nxd4 Bb7 6. Bd3 g6 7. O-O Bg7 8. Nf3
d6 9. a4 b4 10. Nd5 Nf6 11. Nxb4 Nxe4 12. Bxe4 Bxe4 13. Re1 Bb7 14. Nd5 Bxd5
15. Qxd5 Ra7 16. Be3 Rd7 17. Bd4 O-O 18. Bxg7 Kxg7 19. h4 e6 20. Qd2 Qf6 21. b4
d5 22. h5 gxh5 23. Ne5 Rc7 24. Ra3 Kh8 25. Rf3 Qg7 26. Qf4 f5 27. Rg3 Qf6 28.
Ng6+ hxg6 29. Qxc7 f4 30. Rc3 d4 31. Rd3 Kg8 32. Qd6 Re8 33. b5 axb5 34. axb5
Qf5 35. Re5 Qf7 36. Qxd4 1-0